The Alamo

Contents: The Alamo and the Texians; Four men reach the Alamo; The Siege of the Alamo.

Tallennettuna:
Bibliografiset tiedot
Päätekijä: Myers, John Myers
Aineistotyyppi: Kirja
Kieli:Undetermined
Julkaistu: New York E. P. Dutton & Company 1948
Aiheet:
Tagit: Lisää tagi
Ei tageja, Lisää ensimmäinen tagi!
Thư viện lưu trữ: Trung tâm Học liệu Trường Đại học Cần Thơ
LEADER 00602nam a2200193Ia 4500
001 CTU_218505
008 210402s9999 xx 000 0 und d
082 |a 976.4 
082 |b M996 
100 |a Myers, John Myers 
245 4 |a The Alamo 
245 0 |c John Myers Myers 
260 |a New York 
260 |b E. P. Dutton & Company 
260 |c 1948 
520 |a Contents: The Alamo and the Texians; Four men reach the Alamo; The Siege of the Alamo. 
650 |a Alamo (San Antonio, Texas),Alamo (San Antonio, Texas) 
904 |i Trúc 
980 |a Trung tâm Học liệu Trường Đại học Cần Thơ